Bernstein’s handbook of arbitration and dispute resolution practice. Vol. 2, Appendices / (Record no. 488)
| 000 -LEADER | |
|---|---|
| fixed length control field | 00978nam a22002417a 4500 |
| 003 - CONTROL NUMBER IDENTIFIER | |
| control field | OSt |
| 005 - DATE AND TIME OF LATEST TRANSACTION | |
| control field | 20140116120829.0 |
| 008 - FIXED-LENGTH DATA ELEMENTS--GENERAL INFORMATION | |
| fixed length control field | 111021t xxu||||| |||| 00| 0 eng d |
| 020 ## - INTERNATIONAL STANDARD BOOK NUMBER | |
| International Standard Book Number | 9780421757608 |
| 040 ## - CATALOGING SOURCE | |
| Transcribing agency | OC |
| 050 ## - LIBRARY OF CONGRESS CALL NUMBER | |
| Classification number | KD7645.B47 2003 |
| 100 ## - MAIN ENTRY--PERSONAL NAME | |
| Personal name | Tackaberry, John A. |
| 245 ## - TITLE STATEMENT | |
| Title | Bernstein’s handbook of arbitration and dispute resolution practice. Vol. 2, Appendices / |
| Statement of responsibility, etc | John Tackaberry and Arthur Marriott. |
| 250 ## - EDITION STATEMENT | |
| Edition statement | 4th ed. |
| 260 ## - PUBLICATION, DISTRIBUTION, ETC. (IMPRINT) | |
| Place of publication, distribution, etc | London : |
| Name of publisher, distributor, etc | Sweet & Maxwell in conjunction with the Chartered Institute of Arbitrators , |
| Date of publication, distribution, etc | 2003. |
| 500 ## - GENERAL NOTE | |
| General note | Original ed. published as: Handbook of arbitration practice / Ronald Bernstein. 1987. |
| 504 ## - BIBLIOGRAPHY, ETC. NOTE | |
| Bibliography, etc | Includes bibliographical references and index. |
| 511 ## - PARTICIPANT OR PERFORMER NOTE | |
| Participant or performer note | With contributions from Derek Wood ... [et al.]. |
| 650 ## - SUBJECT ADDED ENTRY--TOPICAL TERM | |
| Topical term or geographic name as entry element | Arbitration and award -- Great Britain. |
| 700 ## - ADDED ENTRY--PERSONAL NAME | |
| Personal name | Marriott, Arthur L. |
| 700 ## - ADDED ENTRY--PERSONAL NAME | |
| Personal name | Bernstein, Ronald. Handbook of arbitration practice. |
| 942 ## - ADDED ENTRY ELEMENTS (KOHA) | |
| Source of classification or shelving scheme | |
| Koha item type | Book |
| Withdrawn status | Lost status | Source of classification or shelving scheme | Damaged status | Not for loan | Home library | Current library | Date acquired | Source of acquisition | Cost, normal purchase price | Total Checkouts | Full call number | Barcode | Date last seen | Copy number | Price effective from | Koha item type | Date checked out |
|---|---|---|---|---|---|---|---|---|---|---|---|---|---|---|---|---|---|
| Riara University Library | Riara University Library | 21/10/2011 | Purchase | 19650.00 | KD7645.B47 2003 V.2 | 356/11 | 21/10/2011 | C.1 | 21/10/2011 | Book | |||||||
| Riara University Library | Riara University Library | 21/10/2011 | Purchase | 19650.00 | KD7645.B47 2003 V.2 | 358/11 | 21/10/2011 | C.2 | 21/10/2011 | Book | |||||||
| Riara University Library | Riara University Library | 21/10/2011 | Purchase | 19650.00 | 2 | KD7645.B47 2003 V.2 | 360/11 | 15/09/2014 | C.3 | 21/10/2011 | Book | 15/09/2014 |
